Statistics for FIFA Members in the Americas by Badge

Click here to take the quiz!

General Stats

  • This quiz has been taken 64 times
    (55 since last reset)
  • The average score is 36 of 45

Answer Stats

Answer% Correct
Peru
100%
Argentina
98%
Brazil
98%
Jamaica
98%
United States
98%
Canada
95%
Colombia
95%
Honduras
95%
Uruguay
95%
Venezuela
95%
Bolivia
93%
Ecuador
93%
Guyana
93%
Panama
93%
Barbados
88%
El Salvador
88%
Mexico
88%
Chile
85%
Grenada
85%
Suriname
85%
Trinidad and Tobago
83%
Costa Rica
80%
Dominica
80%
Saint Kitts and Nevis
80%
Saint Vincent and the Grenadines
80%
Belize
78%
Paraguay
78%
Cuba
76%
Puerto Rico
73%
Aruba
71%
Nicaragua
71%
Bermuda
68%
Curaçao
68%
Dominican Republic
68%
Guatemala
68%
Haiti
68%
Saint Lucia
68%
U.S. Virgin Islands
68%
Antigua and Barbuda
63%
Anguilla
61%
Bahamas
61%
British Virgin Islands
61%
Cayman Islands
61%
Montserrat
54%
Turks and Caicos Islands
54%

Score Distribution

Percentile by Number Answered

Percent of People with Each Score

Your Score History

You have not taken this quiz since the last reset